| 000 | 01250nam a2200265 i 4500 | ||
|---|---|---|---|
| 001 | 167652 | ||
| 003 | ES-MaACL | ||
| 005 | 20250817180322.0 | ||
| 008 | 970909s1892 sp |||| | spa d | ||
| 040 |
_aAR _bspa _cAR |
||
| 100 | 1 |
_aViñaza, Cipriano Muñoz y Manzano _cConde de la. _9133815 |
|
| 245 | 1 | 0 |
_aBibliografía española de lenguas indígenas de América / _cpor el Conde de la Viñaza. |
| 260 |
_aMadrid : _b[s.n.], _c1892 ( _fEst. tip. "Sucesores de Rivadeneyra") |
||
| 300 |
_aXXV, 427 p. ; _c28 cm. |
||
| 505 | 8 | _aContiene: Tabla alfabética de autores, traductores y obras anónimas ; Tabla alfabética de los censores, aprobantes, encomiadores ... | |
| 530 | _aDisponible también en sitio web. | ||
| 594 | _aObra premiada por la Biblioteca Nacional en el concurso público de 1891 e impresa a expensas del Estado. | ||
| 597 | _aPort. con esc. real xil. | ||
| 597 | _aTexto a dos col. | ||
| 650 | 4 |
_aIndios de América- _xLenguas. _913671 |
|
| 650 | 0 | 7 |
_aBibliografías españolas _2embne _910523 |
| 852 |
_aES-MaACL _jB-3403 _z-- Enc. pasta española |
||
| 856 |
_uhttp://bibliotecadigitalhispanica.bne.es:80/webclient/DeliveryManager?pid=1882876&custom_att_2=simple_viewer _zIr a la página |
||
| 999 |
_c167652 _d167652 |
||